01523nam a2200349 a 4500001001000000003000500010005001700015008004100032010001100073011001100084040000900095090001000104100003700114245018600151260004100337500006000378502008500438590004000523590004000563650005100603650003400654650003500688650003100723650004100754856007000795901000700865942001000872942000600882999001900888952013100907952013501038000114115CHAP20220329144427.0171103s2017 mx a fsm |||||||spa d a110576 a111548 cCHAP aTesis1 aSanchez Cortez, Florisel913397910aEvaluación de la capacidad productora de péptidos antimicrobianos en leches fermentadas por cepas especificas de Lactobacillus spp. /h[En línea]cpor Florisel Sanchez Cortez. aChapingo, Méx. :bEl autor,c2017. aPara ver el contenido del material haga clic en la liga aTesis (Ing. Agroindustrial) -- UACH. Departamento de Ingeniería Agroindustrial aE8697GMMb05c20171103lUCH01h1416 aE8697GMMb05c20171103lUCH01h144214aLechexBacterias patógenasxControl.913325814aLechexFermentación.96537414aLechexMicrobiología.96539514aLechexProteínas.96540714aPéptidosxEfecto en leche.9133259 aFinding aiduhttp://10.13.5.2/tesis/sist114115.pdfzTeclea aquí aBK cTESIS n0 c110576d110576 00104054718TESISaBCbBCd2017-11-03fTESISl0oTesisp114116-10r2019-12-31 00:00:00w2019-12-31yTESISzRecien adquirido 00102local4053708TESISaBCbBCcPA_TESISd2017-11-03fTESISl0oTesisp114116-20r2019-12-31 00:00:00tc.2w2019-12-31yTESIS